| 000 | 00000nam##2200000za#4500 |
| 001 | 9.698487 |
| 003 | CaOODSP |
| 005 | 20210624235941 |
| 007 | cr ||||||||||| |
| 008 | 150407|1999||||xxc|||||o f|0| 0 eng|d |
| 040 | |aCaOODSP|beng |
| 043 | |an-cn--- |
| 086 | 1 |aF2-136/1999E-PDF |
| 110 | 1 |aCanada. |bDepartment of Finance. |
| 245 | 10|aReforming Canada's financial services sector : |h[electronic resource]|ba framework for the future |
| 260 | |aOttawa - Ontario : |bFinance Canada |cJune 25, 1999. |
| 300 | |a85p.|bfigs., tables |
| 500 | |aThe catalogue number (F2-136/1999E) and ISBN (0-662-27956-5) for the print edition have been incorrectly copied in this electronic publication. |
| 590 | |a13-22-Supp|b2013-09-26 |
| 690 | 07|aFinancial institutions|2gcpds |
| 690 | 07|aCompetitiveness|2gcpds |
| 690 | 07|aEconomic policy|2gcpds |
| 775 | 08|tLa réforme du secteur des services financiers canadien : |w(CaOODSP)9.642494 |
| 776 | 0#|tReforming Canada's financial services sector : |w(CaOODSP)9.647380 |
| 856 | 40|ahttp://publications.gc.ca|qPDF|s531 KB|uhttps://publications.gc.ca/collections/Collection/F2-136-1999E.pdf |